| 000 | 00857cam a2200169 4500 | ||
|---|---|---|---|
| 001 | x118194 | ||
| 008 | 020528n2002 000 0 eng u | ||
| 035 | _a(Sirsi) u118194 | ||
| 245 | _aPersimmon Homes (Thames Valley) Ltd et al v North Hertfordshire DC and SoS Environment Transport and Regions | ||
| 260 | _v2002 | ||
| 490 |
_aJournal of Planning and Environment Law _v[2002] JPL 460-469(10) |
||
| 520 | _aQBD 20 July 2001. Local authority resolved to withdraw proposals for replacement local plan. Whether there was an implied power to withdtraw local plan or proposals for the alteratin or replacement of such a plan. (Taken from headnote) | ||
| 650 | _aPERSIMMON HOMES (THAMES VALLEY) ET AL V NORTH HERTFORDSHIRE DC V SOS ENVIRONMENT TRANSPORT | ||
| 650 | _aLOCAL DEVELOPMENT PLANS | ||
| 690 | _aPLANNING LAW AND PRACTICE-CASE LAW | ||
| 942 | _n0 | ||
| 999 |
_c70383 _d70383 |
||